000 02324cam a22005054i 4500
003 PE-LiUPU
005 20250731173351.0
008 150706s r 000 0 d
020 _a070789902168
035 _a(Sirsi) i070789902168
040 _aPE-LiUPU
_bspa
_cPE-LiUPU
_erda
049 _aPRUA
082 0 4 _a232.96
_bL92
_221
100 1 _aLucado, Max,
_eautor.
245 1 0 _aLo mejor de Max Lucado :
_bdos libros extraordinarios en un solo volumen [Con razón lo llaman El Salvador, Y los ángeles guardaron silencio] /
_cMax Lucado.
264 1 _aMiami :
_bUnilit,
_c2001.
300 _a282 páginas ;
_c21 centímetros
336 _atext
_2rdacontent
337 _aunmediated
_2rdamedia
338 _avolume
_2rdacarrier
500 _aDel autor de libros de gran éxito de ventas les presentamos -- - en cubierta
505 0 _aCON RAZÓN LO LLAMAN EL SALVADOR: La cruz: sus palabras -- La cruz: sus testigos -- La cruz: la sabiduría. Y LOS ANGELES GUARDARON SILENCIO: Demasiado poco, demasiado tarde, demasiado bueno para ser verdad -- De Jericó a Jerusalén -- El general sacrificado -- Deplorable religión -- No es todo hacer algo, quédate quieto -- Amor arriesgado -- El tipo del asno -- Los mercachifles y los hipócritas -- Valor para volver a soñar -- De callos y compasión -- Estás invitado -- Manipulación de boca a boca.
526 _aSEG42
526 _aSEG41
526 _aSEG40
526 _aSEG39
526 _aP94
526 _aP87
526 _aP86
526 _aP85
526 _aP77
526 _aP76
526 _aP35
600 1 _aJesucristo
_xPasión
_vMeditaciones
630 _aBiblia.
_pN.T.
_pMateo 24-27
_vMeditaciones.
700 1 _aValdéz-Dapesa, Alicia Arrarte de,,
_etr.
700 1 _aVásquez, Guillermo,
_etr.
910 _agl
_bjv
_cjvm
_d2010413
942 _2ddc
_cBOOK
949 _a232.96 L92
_wDEWEY
_c1
_i61266
_lCCODEBUL1
_mBUL
_p18.00
_r0
_sY
_tBOOK
_u2015-7-6
_xTEOLOGIA
_zUNKNOWN
_0COMPRA
_o.STAFF. Colección General
994 _aC0
_bPEPRU
596 _a1
999 _a232.96 L92
_wDEWEY
_c50531
_i61266
_f2021-11-10
_g5
_lCCODEBUL1
_mBUL
_p18.00
_r0
_sY
_tBOOK
_u2015-7-6
_xTEOLOGIA
_zUNKNOWN
_0COMPRA
_o.STAFF. Colección General
_d50531
980 _81
_gALBERTO SANCHEZ Responsable de Automatización